000 00777nam a2200253Ia 4500
003 OSt
005 20220918105706.0
006 a|||||r|||| 00| 0
007 ta
008 220915b |||||||| |||| 00| 0 urd d
020 _c3600
024 _a275873
037 _b5724/5, 11/03/2010, Modern Publishing House
_cReference Collections
040 _aARTS
_cARTS
_burd
041 _2urd
_aurd
082 _aO168,1k, P9.1-.2(RR)
100 _aRaza Ul Rehman
_93299
245 0 _aSawaneh encyclopedia
260 _aDelhi
_bKitabi Duniya India
_c2009
300 _a514p.
650 _aURDU LITERATURE
942 _hO168,1k, P9.1-.2(RR)
_cREF
999 _c108955
_d108955